Anlatmasam olmazdı : (Record no. 13700)

MARC details
000 -BAŞLIK
Sabit Uzunlukta Kontrol Alanı 00882nam a22002777a 4500
999 ## - SİSTEM KONTROL NUMARALARI (KOHA)
Koha Biblionumber 13700
Koha Biblioitemnumber 13700
003 - KONTROL NUMARASI IDENTIFIER
Denetim Alanı MIRAKIL
005 - SON İŞLEM TARİHİ VE ZAMANI
Denetim Alanı 20200114120737.0
008 - SABİT-BOY VERİ ELEMANLARI - GENEL BİLGİLER
Sabit Uzunlukta Kontrol Alanı 200114b tu ||||| |||| 00| 0 tur d
020 ## - ULUSLARARASI STANDART KİTAP NUMARASI
Uluslararası Standart Kitap Numarası 9789759918590
040 ## - KATALOGLAMA KAYNAK
Orijinal Kataloglama Ajansı TR-AnCHP
Metne Dönüştürmek Ajansı TR-AnCHP
041 ## - DİL KODU
Metin / Ses Parça Veya Ayrı Başlığın Dil Kodu tur
082 ## - DEWEY ONLU SINIFLANDIRMA NUMARASI
Sınıflandırma Numarası 818.42
Ürün Numarası P55a 2008
100 ## - ANA GİRİŞ - KİŞİSEL İSİM
Kişisel Ad Pinto, Bensiyon
245 10 - BAŞLIK TABLOSU
Başlık Anlatmasam olmazdı :
Başlığın Kalan geniş toplumda Yahudi olmak
Sorumluluk Tablosu, Vb Bensiyon Pinto; derleyen Tülay Gürler
246 ## - UNVAN FORM VARYING
Başlık Doğru / Kısa Başlığı geniş toplumda Yahudi olmak
250 ## - EDITION TABLOSU
Baskı Beyanı 8 bs.
260 ## - YAYIN, DAĞITIM, VB
Yayın, Dağıtım, Vb Yeri İstanbul:
Yayıncı, Dağıtıcı, Vs Adı Doğan Kitap,
Yayın, Dağıtım, Vb Tarihi 2008.
300 ## - FİZİKSEL TANIM
Kapsam 368 s.:
Diğer Fiziksel Ayrıntıları fotg.,
Boyutlar 23 sm.
504 ## - KAYNAKÇA VB NOT
Kaynakça Vb Notu Dizin vardır.
600 #0 - KONU KATMA GİRİŞ - KURUMSAL ADI
9 (RLIN) 6194
Kişisel Ad Pinto, Bensiyon
Başlıklar Ve Bir Adla İlişkili Diğer Kelimeler Türk Musevi Cemaati Onursal Başkanı
Bir Adıyla İlişkilendirilen Tarihler 1936-
Genel Alt Bölümü Anılar
650 #0 - KONU KATMA GİRİŞ - TOPİKAL DÖNEM
9 (RLIN) 19
Topikal Süreli Veya Coğrafi Ad Giriş Elemanı Türk edebiyatı
Genel Alt Bölümü Anı
700 ## - KATMA GİRİŞ - KİŞİSEL İSİM
9 (RLIN) 6195
Kişisel Ad Gürler, Tülay
Relator Terim der.
740 ## - KATMA GİRİŞ - KONTROLSUZ İLGİLİ / ANALİTİK BAŞLIK
Kontrol Edilmeyen / İlgili Analitik Başlıktaki geniş toplumda Yahudi olmak
942 ## - EKLENDİ GİRİŞ ELEMANLARI (KOHA)
Sınıflandırma Veya Raf Düzeni Kaynak Dewey Decimal Classification
Koha Öğesi Türü Books
999 ## - SİSTEM KONTROL NUMARALARI (KOHA)
Koha Biblioitemnumber 13700
Holdings
Kalıcı Konum Mevcut Konum Edinme Tarihi Toplam Check-Out'Lar Tam Çağrı Numarası Barkod Tarih Son Görülme İtibaren Geçerli Fiyatlar Sigara Kamu Notu Koha Öğesi Türü
CHP Kütüphanesi CHP Kütüphanesi 01/14/2020   818.42 P55a 2008 013480 01/14/2020 01/14/2020 Ertuğrul Çepni bağışıdır. Books